| 000 | 00529nam a22001817a 4500 | ||
|---|---|---|---|
| 005 | 20251127112929.0 | ||
| 008 | 251121b |||||||| |||| 00| 0 eng d | ||
| 020 | _a978-81-19613-29-8 | ||
| 041 | _aeng | ||
| 082 | _a616 KUM-C | ||
| 100 |
_aKUMAR, DR. A PRASANNA VEERA _98760 |
||
| 245 | _aCOMPETENCY BASED HUMAN ANATOMY AS PER REVISED NMC CURRICULAM VOL-1, 2, 3.] | ||
| 250 | _a2ND ED. 2024 | ||
| 260 |
_aNEW DELHI _bINNOVATIVE PUBLICATION PVT LTD _c2025 |
||
| 300 | _a407;P | ||
| 650 |
_aPHARMACY _xB.PHARMA |
||
| 942 | _cBK | ||
| 999 |
_c8935 _d8933 |
||